000
00327nam a22001457a 4500
003
OSt
005
20160727222352.0
008
160622b xxu||||| |||| 00| 0 eng d
040
_c
TEST
100
_9
434
_a
Wode house, P, G
245
_a
Something Fresh
260
_a
N.Y
_b
Penguin
300
_a
Something Fresh
942
_2
ddc
_c
BK
999
_c
355
_d
355